| 000 | 00597nam a22001937a 4500 | ||
|---|---|---|---|
| 005 | 20251108165815.0 | ||
| 008 | 250721s1997 xx 000 0 ara d | ||
| 082 | 1 | 4 | _aط/219.9/فيا |
| 100 | 1 | _aفياض، سليمان | |
| 245 | 1 | 0 |
_aأبو عبيدة بن الجراح : _bبطل حمص / |
| 264 | 1 |
_aالقاهرة : _bمركز الأهرام، _c1997. |
|
| 300 | _a55ص | ||
| 490 | 0 | _aأبطال العرب ؛3 | |
| 650 | 1 | 7 | _aالسيرة النبوية |
| 650 | 1 | 7 | _aالصحابة |
| 653 | _aمرحلة ناشؤون صغار (10-14) سنة | ||
| 942 |
_2ddc _cBK |
||
| 999 |
_c31798 _d31798 |
||